[Event "LTU chess league"]
[Site "LTU"]
[Date "2008.12.14"]
[Round "4.55"]
[White "Paulauskaite, Gintare"]
[Black "Joffe, Roza"]
[Result "1/2-1/2"]
[WhiteElo "2044"]
[BlackElo "2043"]
[PlyCount "76"]
[EventDate "2008.11.08"]

1. e4 c5 2. Nf3 e6 3. d3 a6 4. g3 Qc7 5. Bg2 Nf6 6. O-O Nc6 7. Re1 d6 8. c3 Be7
9. d4 e5 10. Na3 O-O 11. Nc2 Rd8 12. Bg5 h6 13. Bxf6 Bxf6 14. Ne3 Ne7 15. Qd2
Be6 16. d5 Bd7 17. Bf1 b5 18. h3 Rdb8 19. Nh2 Qc8 20. Neg4 Bg5 21. f4 exf4 22.
gxf4 Bh4 23. Re3 Ng6 24. f5 Ne5 25. Nxe5 dxe5 26. Qg2 Bg5 27. Rg3 Qf8 28. Ng4
Qd6 29. Be2 Kh8 30. Nf2 Rg8 31. Rf1 c4 32. Kh1 Rad8 33. Rg1 Qf6 34. Ng4 Qd6 35.
Ne3 Qf6 36. Ng4 Qd6 37. Ne3 Qf6 38. Ng4 Qd6 1/2-1/2

[Event "LTU chess league"]
[Site "LTU"]
[Date "2009.01.12"]
[Round "5.11"]
[White "Kveinys, Aloyzas"]
[Black "Narmontas, Matas"]
[Result "1-0"]
[WhiteElo "2529"]
[BlackElo "2381"]
[PlyCount "91"]
[EventDate "2008.11.08"]

1. d4 d5 2. Nf3 c6 3. c4 Nf6 4. e3 e6 5. Bd3 Nbd7 6. O-O Bd6 7. Nbd2 O-O 8. e4
dxe4 9. Nxe4 Nxe4 10. Bxe4 h6 11. Bc2 e5 12. Qd3 f5 13. c5 Bc7 14. Nxe5 Nxe5
15. dxe5 Bxe5 16. Qc4+ Kh8 17. Bf4 Qd4 18. Qxd4 Bxd4 19. Rad1 Bxb2 20. Rfe1 Bf6
21. Rd6 b6 22. Rxc6 bxc5 23. Rxc5 Bd7 24. Rd5 Rac8 25. Bxf5 Bxf5 26. Rxf5 Rc2
27. g4 Rxa2 28. Re6 Kh7 29. Kg2 Ra4 30. h3 Kg6 31. Be5 Rb4 32. Ra6 Rb7 33. h4
Rbf7 34. Bd6 Rc8 35. Bf4 Rc4 36. Kg3 Rb4 37. Be3 Rb3 38. Rd5 Kh7 39. g5 hxg5
40. hxg5 Kg6 41. gxf6 gxf6 42. Rda5 Rd7 43. Rxa7 Rd1 44. R7a6 Rg1+ 45. Kf3 Rb7
46. Rd5 1-0

[Event "LTU chess league"]
[Site "LTU"]
[Date "2009.01.12"]
[Round "5.12"]
[White "Narmontas, Tauras"]
[Black "Zagorskis, Darius"]
[Result "0-1"]
[WhiteElo "2279"]
[BlackElo "2509"]
[PlyCount "108"]
[EventDate "2008.11.08"]

1. e4 c5 2. Nf3 e6 3. d4 cxd4 4. Nxd4 a6 5. Bd3 Qc7 6. O-O Nf6 7. Qe2 d6 8. Nc3
Be7 9. Kh1 Nbd7 10. f4 O-O 11. Nf3 Nc5 12. Rg1 b5 13. Bd2 Bb7 14. b4 Nxd3 15.
cxd3 Rfc8 16. Rgc1 Qd7 17. Nd4 Rc7 18. Nb3 Rac8 19. a4 bxa4 20. Nxa4 Rxc1+ 21.
Bxc1 Qb5 22. Bd2 Bxe4 23. Nb2 Bd5 24. Ra5 Qb7 25. Nc4 Bc6 26. Ne3 Nd5 27. Nc2
Bf6 28. Ra2 Bd7 29. Na5 Qc7 30. Nc4 Bb5 31. N2a3 h6 32. Rc2 Ba4 33. Rc1 Qb8 34.
Qe1 Bc6 35. Rb1 Ne7 36. Qf2 Nf5 37. Nc2 Bb5 38. N2a3 Bc6 39. Nc2 Bd5 40. N4e3
Qb5 41. Nc4 Bxc4 42. Na3 Qa4 43. Nxc4 Qc2 44. Qf1 d5 45. Rc1 Qb3 46. Nb6 Rxc1
47. Qxc1 Qxd3 48. Nd7 Be7 49. Ne5 Qe2 50. Qe1 Qxe1+ 51. Bxe1 Bd6 52. Nd3 Nd4
53. Bc3 Nc6 54. Kg1 f6 0-1

[Event "LTU chess league"]
[Site "LTU"]
[Date "2009.01.12"]
[Round "5.13"]
[White "Grabliauskas, Virginijus"]
[Black "Dubovikas, Tomas"]
[Result "1-0"]
[WhiteElo "2427"]
[BlackElo "2185"]
[PlyCount "100"]
[EventDate "2008.11.08"]

1. d4 c5 2. d5 e5 3. e4 d6 4. Nc3 Nf6 5. Bb5+ Nbd7 6. a4 a6 7. Bd3 g6 8. g4 h5
9. g5 Nh7 10. h4 f6 11. Nf3 Be7 12. Rg1 Ndf8 13. gxf6 Bxf6 14. Ng5 Nxg5 15.
hxg5 Bg7 16. Qe2 Qe7 17. a5 Nh7 18. Na4 O-O 19. Nb6 Rb8 20. c3 Bg4 21. Rxg4
hxg4 22. Qxg4 Rf7 23. Nc4 Rbf8 24. Be3 Rf4 25. Bxf4 Rxf4 26. Qe6+ Qxe6 27. dxe6
Bf8 28. Ne3 Bg7 29. Nd5 Rg4 30. Ne7+ Kf8 31. Nxg6+ Ke8 32. Bb5+ axb5 33. a6
bxa6 34. Rxa6 Rxe4+ 35. Kd2 Ra4 36. Rb6 Ra8 37. Rb7 Nf8 38. Re7+ Kd8 39. Rxg7
Nxg6 40. Rg8+ Ke7 41. Rxa8 Kxe6 42. Rb8 Nf4 43. Rxb5 Kf5 44. c4 Nh3 45. g6 Kxg6
46. Rb6 Nxf2 47. Rxd6+ Kf5 48. Ke3 Ng4+ 49. Ke2 Nf6 50. Rc6 Ne4 1-0

[Event "LTU chess league"]
[Site "LTU"]
[Date "2009.01.12"]
[Round "5.14"]
[White "Daulyte, Deimante"]
[Black "Bandza, Algirdas"]
[Result "0-1"]
[WhiteElo "2278"]
[BlackElo "2378"]
[PlyCount "104"]
[EventDate "2008.11.08"]

1. e4 e5 2. Nf3 Nc6 3. Bb5 a6 4. Ba4 Nf6 5. O-O Be7 6. Re1 b5 7. Bb3 d6 8. c3
O-O 9. h3 Na5 10. Bc2 c5 11. d4 Nc6 12. d5 Na7 13. Nbd2 Bd7 14. Nf1 Nc8 15. b3
Qc7 16. Ne3 c4 17. bxc4 bxc4 18. Rb1 g6 19. Nf1 Ne8 20. Qe2 f5 21. Rb4 fxe4 22.
Bxe4 Nb6 23. Bh6 Ng7 24. Reb1 Na4 25. Qxc4 Nc5 26. a4 Rfc8 27. Bc2 a5 28. Rb6
Kh8 29. Qa2 Qd8 30. h4 Qe8 31. Bg5 Bf8 32. Ng3 Bxa4 33. Ne4 Bxc2 34. Qxc2 Nxe4
35. Qxe4 Rxc3 36. Rb7 a4 37. Bf6 a3 38. Ng5 Kg8 39. h5 a2 40. Ra1 Qc8 41. Rf7
Rc1+ 42. Kh2 Rxa1 43. hxg6 Rh1+ 44. Kxh1 a1=Q+ 45. Kh2 h6 46. Nh7 Qcc1 47. Nxf8
Qh1+ 48. Kg3 Ra3+ 49. f3 Nh5+ 50. Kg4 Qxg2+ 51. Kxh5 Qah1+ 52. Bh4 Qg5# 0-1

[Event "LTU chess league"]
[Site "LTU"]
[Date "2009.01.12"]
[Round "5.15"]
[White "Milasiute, Vygante"]
[Black "Paulauskaite, Gintare"]
[Result "0-1"]
[WhiteElo "2054"]
[BlackElo "2044"]
[PlyCount "102"]
[EventDate "2008.11.08"]

1. e4 e6 2. d4 d5 3. exd5 exd5 4. Nf3 Bd6 5. Bd3 Nc6 6. c3 Nge7 7. Qc2 Be6 8.
Bg5 Qd7 9. Nbd2 Bf5 10. O-O Bxd3 11. Qxd3 f6 12. Bh4 g5 13. Bg3 O-O-O 14. Bxd6
Qxd6 15. b4 h5 16. b5 Nb8 17. Nb3 Nd7 18. Rfe1 h4 19. a4 g4 20. Nfd2 Rdg8 21.
c4 g3 22. fxg3 hxg3 23. h3 dxc4 24. Nxc4 Qf4 25. Rf1 Qg5 26. Qe4 Rg7 27. Rac1
Kb8 28. Ne3 Rh4 29. Qf3 f5 30. Na5 Re4 31. Nec4 Nb6 32. Rcd1 Nbd5 33. Rfe1 Qf4
34. Qxf4 Rxf4 35. Nb3 b6 36. Ne5 Kb7 37. Rc1 Rf2 38. Nd3 Ra2 39. Ra1 Rxa1 40.
Rxa1 Nc3 41. Nf4 Ng6 42. Nh5 Rg8 43. Nf6 Rd8 44. Kf1 Nf4 45. Ra3 Rd6 46. Ne8
Re6 47. Ng7 Re4 48. Nxf5 Nd3 49. Ra1 Rf4+ 50. Kg1 Ne2+ 51. Kh1 Nf2# 0-1

[Event "LTU chess league"]
[Site "LTU"]
[Date "2009.01.11"]
[Round "5.21"]
[White "Burstein, Roman"]
[Black "Macenis, Audrius"]
[Result "1-0"]
[WhiteElo "2331"]
[BlackElo "2165"]
[PlyCount "33"]
[EventDate "2008.11.08"]

1. c4 e5 2. g3 Nf6 3. Bg2 d5 4. cxd5 Nxd5 5. Nc3 Nb6 6. Nf3 Nc6 7. O-O Be7 8.
a3 a5 9. d3 Be6 10. Be3 Nd5 11. Nxd5 Bxd5 12. Rc1 O-O 13. Bc5 Bxc5 14. Rxc5 b6
15. Rc3 Rc8 16. e4 Nd4 17. exd5 1-0

[Event "LTU chess league"]
[Site "LTU"]
[Date "2009.01.11"]
[Round "5.22"]
[White "Vasylius, Kestutis"]
[Black "Baliasnyj, Timur"]
[Result "1-0"]
[WhiteElo "2105"]
[BlackElo "2238"]
[PlyCount "115"]
[EventDate "2008.11.08"]

1. e4 c5 2. Nf3 d6 3. d4 cxd4 4. Nxd4 Nf6 5. Nc3 g6 6. h3 Bg7 7. Bg5 Nc6 8. Bc4
O-O 9. O-O Bd7 10. Re1 Nxd4 11. Qxd4 Bc6 12. Qd2 Re8 13. Nd5 e6 14. Nc3 Qa5 15.
Bb3 Nd7 16. Bh4 Nc5 17. f3 Be5 18. Kh1 b5 19. Rad1 Rac8 20. Qe3 Nxb3 21. axb3
b4 22. Ne2 Ba8 23. Nd4 Qc5 24. f4 Bg7 25. e5 dxe5 26. fxe5 Rc7 27. Qf4 Rd7 28.
Rd3 Rd5 29. Rf1 Rf8 30. Bf6 Rxe5 31. Qxe5 Qxe5 32. Bxe5 Bxe5 33. Nxe6 Rc8 34.
Ng5 f6 35. Re1 Bxb2 36. Nf3 Bxf3 37. gxf3 Rc7 38. Red1 Rxc2 39. Rd7 a5 40. Ra7
Rc1 41. Rxc1 Bxc1 42. Kg2 Be3 43. Rb7 h6 44. Kf1 Kf8 45. Ke2 Bc5 46. Kd3 Be7
47. Kc4 Kf7 48. Kd5 g5 49. Ra7 h5 50. Rxa5 Kg6 51. Ke6 Bf8 52. Ra8 Bc5 53. Rg8+
Kh7 54. Kf7 Bd4 55. Rg6 h4 56. Rxf6 Bxf6 57. Kxf6 Kh6 58. Kf5 1-0

[Event "LTU chess league"]
[Site "LTU"]
[Date "2009.01.11"]
[Round "5.24"]
[White "Rimeikis, Andrius"]
[Black "Molofej, Denis"]
[Result "0-1"]
[WhiteElo "1983"]
[BlackElo "2014"]
[PlyCount "94"]
[EventDate "2008.11.08"]

1. e4 c5 2. Nf3 Nc6 3. Bb5 a6 4. Bxc6 dxc6 5. d3 Bg4 6. O-O g6 7. h3 Bxf3 8.
Qxf3 Bg7 9. Re1 Nf6 10. a4 O-O 11. a5 Nd7 12. Nd2 f5 13. Qe2 f4 14. Nc4 Ne5 15.
Nxe5 Bxe5 16. Ra4 f3 17. gxf3 Qd7 18. Kg2 Rf7 19. Be3 Raf8 20. Rh1 Bxb2 21.
Bxc5 Be5 22. Be3 Bf4 23. Rb4 Bxe3 24. fxe3 e5 25. Rbb1 Qd8 26. h4 Qxa5 27. Rh3
Qc5 28. Qd2 b5 29. c3 a5 30. Kf2 a4 31. Rg3 Qe7 32. Rh1 Kh8 33. Ke2 Qe6 34. d4
Qc4+ 35. Kf2 a3 36. Ra1 Ra7 37. h5 gxh5 38. dxe5 Qxe4 39. Qd6 Raf7 40. f4 Qc2+
41. Kf3 Qxc3 42. Rag1 Rxf4+ 43. Kg2 Qc2+ 44. Kh3 Qf5+ 45. Kg2 Rf2+ 46. Kh1 Qe4+
47. R1g2 Qh4+ 0-1

[Event "LTU chess league"]
[Site "LTU"]
[Date "2009.01.11"]
[Round "5.25"]
[White "Joffe, Roza"]
[Black "Zalimaite, Ieva"]
[Result "0-1"]
[WhiteElo "2043"]
[BlackElo "1857"]
[PlyCount "116"]
[EventDate "2008.11.08"]

1. d4 e6 2. c4 Nf6 3. Nf3 Bb4+ 4. Bd2 Bxd2+ 5. Nbxd2 d5 6. e3 Nbd7 7. Qc2 c6 8.
Be2 Qe7 9. Qc3 O-O 10. O-O Re8 11. Rac1 e5 12. dxe5 Nxe5 13. Nxe5 Qxe5 14. Qxe5
Rxe5 15. Bf3 Bg4 16. Bxg4 Nxg4 17. Nf3 Rh5 18. Rfd1 Nf6 19. Rd4 dxc4 20. Rcxc4
Rd5 21. Rxd5 Nxd5 22. Rd4 f6 23. a4 a5 24. Nd2 Nb6 25. Nb3 Nd5 26. g3 f5 27.
Nd2 Re8 28. Nc4 b6 29. Nd6 Rf8 30. Rc4 Nb4 31. Rd4 Nd5 32. Nxf5 Rxf5 33. e4 Re5
34. exd5 Rxd5 35. Rxd5 cxd5 36. Kf1 Kf7 37. Ke2 Ke6 38. Kd3 g5 39. f4 gxf4 40.
gxf4 h5 41. Kd4 h4 42. h3 Kf5 43. Kxd5 Kxf4 44. Kc6 Kg3 45. Kxb6 Kxh3 46. Kxa5
Kg3 47. b4 h3 48. b5 h2 49. b6 h1=Q 50. Ka6 Qc6 51. a5 Kf4 52. Ka7 Qc5 53. a6
Ke5 54. Kb7 Kd6 55. a7 Qc6+ 56. Kb8 Qxb6+ 57. Ka8 Qc6+ 58. Kb8 Qc7+ 0-1

[Event "LTU chess league"]
[Site "LTU"]
[Date "2009.01.11"]
[Round "5.31"]
[White "Starostits, Ilmars"]
[Black "Bucinskas, Valdas"]
[Result "1/2-1/2"]
[WhiteElo "2480"]
[BlackElo "2325"]
[PlyCount "121"]
[EventDate "2008.11.08"]

1. e4 c5 2. Nf3 d6 3. c3 Nf6 4. Bd3 g6 5. Bc2 Bg7 6. d4 O-O 7. h3 b6 8. O-O
cxd4 9. cxd4 d5 10. e5 Ne8 11. Nc3 Nc7 12. a3 Nc6 13. Re1 Kh8 14. b4 f6 15.
exf6 exf6 16. Bf4 Ne6 17. Bh2 f5 18. Bb3 Ne7 19. Be5 Ba6 20. Qd2 Rc8 21. b5 Bb7
22. Bg3 Qd7 23. Ne5 Qe8 24. f4 Bf6 25. Kh1 Nc7 26. a4 Qd8 27. Na2 a5 28. bxa6
Bxa6 29. Nb4 Bb7 30. Nbd3 Ba6 31. a5 Bxd3 32. Qxd3 bxa5 33. Rxa5 Kg7 34. Rea1
Qd6 35. Be1 Rb8 36. Ba4 Ra8 37. Rb1 Rfb8 38. Rxa8 Nxa8 39. Rxb8 Qxb8 40. Nd7
Qa7 41. Nxf6 Qxa4 42. Bh4 Nc7 43. Nxh7 Kxh7 44. Bxe7 Ne6 45. Qe3 Nxd4 46. Bg5
Qa7 47. Bf6 Qa1+ 48. Kh2 Nf3+ 49. Qxf3 Qxf6 50. Qxd5 Qe7 51. Qe5 Qd8 52. Qe3
Qd7 53. Kg3 Qd8 54. Qe6 Kg7 55. h4 Qd1 56. Qe7+ Kg8 57. Qg5 Kh7 58. h5 Qxh5 59.
Qxh5+ gxh5 60. Kf2 h4 61. g3 1/2-1/2

[Event "LTU chess league"]
[Site "LTU"]
[Date "2009.01.11"]
[Round "5.32"]
[White "Genutis, Mindaugas"]
[Black "Sarakauskas, Gediminas"]
[Result "0-1"]
[WhiteElo "2325"]
[BlackElo "2429"]
[Annotator "Hiarcs 11.2"]
[PlyCount "52"]
[EventDate "2008.11.08"]

1. d4 d6 2. Nf3 Bg4 3. c4 Nd7 4. Nc3 Ngf6 5. e4 e5 6. Be2 Bxf3 7. Bxf3 exd4 8.
Qxd4 g6 9. Bg5 Bg7 10. O-O h6 11. Be3 O-O 12. Qd2 Kh7 13. h3 Re8 14. Rfe1 a6
15. Rac1 Rb8 16. Qc2 b5 17. cxb5 axb5 18. Nd5 c5 19. Nxf6+ Qxf6 20. b3 Ne5 21.
Be2 Nc6 22. Red1 Qe7 23. Bf3 Rb6 24. Rd2 Bd4 25. Bf4 Qh4 26. Qd1 Qxf4 0-1

[Event "LTU chess league"]
[Site "LTU"]
[Date "2009.01.11"]
[Round "5.33"]
[White "Labeckas, Kestutis"]
[Black "Mickevicius, Juras"]
[Result "0-1"]
[WhiteElo "2345"]
[BlackElo "2322"]
[Annotator "Hiarcs 11.2"]
[PlyCount "114"]
[EventDate "2008.11.08"]

1. d4 d5 2. Bg5 Nd7 3. e3 Ngf6 4. Bd3 e6 5. Nd2 c5 6. c3 Bd6 7. f4 Qb6 8. Rb1
h6 9. Bxf6 Nxf6 10. Qf3 Bd7 11. Nh3 O-O-O 12. O-O Kb8 13. b4 cxd4 14. cxd4 Bb5
15. Qe2 Bxd3 16. Qxd3 Rc8 17. Nb3 Rc4 18. Nc5 Rc8 19. Nf2 Ka8 20. e4 Bxc5 21.
bxc5 Qa5 22. e5 Rc3 23. Qe2 Ng8 24. Rb5 Rc2 25. Qxc2 Qxb5 26. Rb1 Qd7 27. a4
Ne7 28. a5 Nf5 29. Rb4 Rc6 30. Qa4 Qd8 31. Nd3 g5 32. Qb5 Qc8 33. fxg5 hxg5 34.
Qa4 g4 35. g3 Qd8 36. Rb3 Qc7 37. Rb1 Qe7 38. Kh1 Rc7 39. Rb3 Qd7 40. Qa1 Qc6
41. Rb4 Qa6 42. Qa3 Rc8 43. Kg1 Ne3 44. Qb3 Qxa5 45. Rxb7 Nf5 46. Qb2 Nxd4 47.
Rxf7 Nf3+ 48. Kg2 Rb8 49. Qc2 Qa1 50. Qf2 Qd1 51. c6 d4 52. c7 Rh8 53. Rh7 Rc8
54. Nb2 Qb1 55. Rf7 Ne1+ 56. Kg1 Nd3+ 57. Qf1 Qxf1+ 0-1

[Event "LTU chess league"]
[Site "LTU"]
[Date "2009.01.11"]
[Round "5.34"]
[White "Chocenka, Dmitrijus"]
[Black "Zickus, Simonas"]
[Result "1-0"]
[WhiteElo "2297"]
[BlackElo "2315"]
[Annotator "Hiarcs 11.2"]
[PlyCount "61"]
[EventDate "2008.11.08"]

1. e4 c5 2. Nf3 Nc6 3. Nc3 e5 4. Bc4 Be7 5. O-O d6 6. d3 Bg4 7. h3 Bh5 8. Be3
a6 9. a4 Nf6 10. Kh2 Qd7 11. Rg1 Nd4 12. g4 Bg6 13. g5 Nh5 14. Nd5 Rb8 15. Nh4
b5 16. axb5 axb5 17. Ba2 f6 18. c3 Ne6 19. Qg4 Nxg5 20. Nf5 Bd8 21. Bb3 Bxf5
22. exf5 g6 23. h4 Nf7 24. fxg6 hxg6 25. Qxg6 Qb7 26. Bh6 c4 27. dxc4 Nf4 28.
Bxf4 Rxh4+ 29. Kg3 Rh8 30. Kf3 Qd7 31. Qg8+ 1-0

[Event "LTU chess league"]
[Site "LTU"]
[Date "2009.01.11"]
[Round "5.35"]
[White "Berzina, Ilze"]
[Black "Misiuk, Ivona"]
[Result "1-0"]
[WhiteElo "2320"]
[BlackElo "1596"]
[Annotator "Hiarcs 11.2"]
[PlyCount "33"]
[EventDate "2008.11.08"]

1. e4 c5 2. Nf3 e6 3. c4 Ne7 4. Nc3 d5 5. exd5 exd5 6. cxd5 Nxd5 7. Bb5+ Bd7 8.
Qe2+ Ne7 9. Bc4 f6 10. d4 cxd4 11. Nxd4 Nbc6 12. Ndb5 Bf5 13. O-O Nd4 14. Nxd4
Qxd4 15. Nb5 Qc5 16. Bf4 Rd8 17. Nc7+ 1-0

[Event "LTU chess league"]
[Site "LTU"]
[Date "2009.01.11"]
[Round "5.41"]
[White "Zilinskas, Vaidas"]
[Black "Malisauskas, Vidmantas"]
[Result "0-1"]
[WhiteElo "2131"]
[BlackElo "2457"]
[PlyCount "60"]
[EventDate "2008.11.08"]

1. e4 c5 2. Nc3 Nc6 3. Bb5 e6 4. Bxc6 bxc6 5. d3 d5 6. Nf3 Nf6 7. O-O Be7 8.
Re1 O-O 9. Bf4 Qb6 10. Na4 Qa6 11. b3 c4 12. e5 Nd7 13. dxc4 dxc4 14. Re4 Rd8
15. Rd4 c5 16. Rd2 Qc6 17. Bg5 Bxg5 18. Nxg5 Bb7 19. Nf3 Qc7 20. Qe2 Bxf3 21.
gxf3 Nxe5 22. Rad1 Rxd2 23. Rxd2 h6 24. Qe4 Rb8 25. f4 cxb3 26. cxb3 Ng6 27.
Rc2 Nxf4 28. Nxc5 Rd8 29. Qf3 Qc6 30. Qg4 Rd1+ 0-1

[Event "LTU chess league"]
[Site "LTU"]
[Date "2009.01.11"]
[Round "5.42"]
[White "Beinoras, Mindaugas"]
[Black "Tamosaitis, Rimas"]
[Result "1-0"]
[WhiteElo "2426"]
[BlackElo "2196"]
[PlyCount "115"]
[EventDate "2008.11.08"]

1. d4 g6 2. e4 Bg7 3. Nf3 c6 4. d5 Qa5+ 5. Qd2 Qxd2+ 6. Nbxd2 Nf6 7. c4 d6 8.
Bd3 Na6 9. O-O Nc5 10. Bc2 O-O 11. Rb1 a5 12. dxc6 bxc6 13. e5 Ng4 14. exd6
exd6 15. h3 Nf6 16. Rd1 d5 17. b3 Re8 18. Bb2 Bb7 19. Nf1 Nfe4 20. cxd5 cxd5
21. Nd4 Ne6 22. Bxe4 dxe4 23. Nxe6 Rxe6 24. Bxg7 Kxg7 25. Ne3 Ba6 26. Rd7 Rc6
27. g4 Rac8 28. Kg2 R8c7 29. Rd5 Bd3 30. Rb2 Rc5 31. Rxc5 Rxc5 32. b4 axb4 33.
Rxb4 Ra5 34. a4 h5 35. Kg3 hxg4 36. hxg4 Ra6 37. Nd5 Re6 38. Kf4 g5+ 39. Ke3
Rh6 40. Kd4 Rh2 41. Rb2 Rh6 42. a5 Rc6 43. Nb4 Rc4+ 44. Kd5 Rc3 45. Kd4 Ra3 46.
Ra2 Rxa2 47. Nxa2 Be2 48. Kxe4 Bxg4 49. a6 Bc8 50. a7 Bb7+ 51. Kf5 Kh6 52. Nc3
Kh5 53. Ne4 g4 54. Nf6+ Kh6 55. Nxg4+ Kg7 56. Ne5 Bc8+ 57. Kf4 Bb7 58. Nd7 1-0

[Event "LTU chess league"]
[Site "LTU"]
[Date "2009.01.11"]
[Round "5.43"]
[White "Narmontas, Raimondas"]
[Black "Vaznonis, Vytautas"]
[Result "1-0"]
[WhiteElo "2131"]
[BlackElo "2353"]
[PlyCount "47"]
[EventDate "2008.11.08"]

1. e4 e6 2. Nf3 d5 3. e5 c5 4. b4 cxb4 5. d4 Nc6 6. a3 Qc7 7. axb4 Bxb4+ 8. c3
Ba5 9. Ba3 f6 10. Bb5 Bb6 11. O-O Qf7 12. c4 Bd7 13. cxd5 exd5 14. Nc3 O-O-O
15. Qa4 Nge7 16. Rfc1 Nf5 17. Ne2 Kb8 18. Bc5 Na5 19. Nc3 Rhe8 20. Qb4 Re6 21.
Rxa5 Bxa5 22. Bxa7+ Kc8 23. Qxa5 Bc6 24. Bb6 1-0

[Event "LTU chess league"]
[Site "LTU"]
[Date "2009.01.11"]
[Round "5.45"]
[White "Paulauskiene, Vilma"]
[Black "Laurusaite, Brigita"]
[Result "0-1"]
[WhiteElo "2097"]
[BlackElo "2047"]
[PlyCount "94"]
[EventDate "2008.11.08"]

1. d4 d5 2. c4 dxc4 3. Nc3 e6 4. Bf4 a6 5. e3 Nf6 6. Bxc4 b5 7. Bb3 Bb7 8. Nf3
c5 9. dxc5 Qxd1+ 10. Rxd1 Bxc5 11. O-O Nbd7 12. Ne5 Nxe5 13. Bxe5 Ke7 14. Rd2
Rhd8 15. Rfd1 Rxd2 16. Rxd2 Nd7 17. Bg3 Rc8 18. Rd1 Nb6 19. h3 Bb4 20. Ne2 Nc4
21. Rd4 Bd6 22. Bxd6+ Nxd6 23. a4 Rc5 24. Nc3 Rg5 25. g3 Rc5 26. Kf1 a5 27.
axb5 Nxb5 28. Rc4 Rxc4 29. Bxc4 Nxc3 30. bxc3 Kd6 31. Ke2 Kc5 32. Bb3 Bc6 33.
Kd3 a4 34. Ba2 a3 35. h4 Ba4 36. e4 Bc6 37. f4 f5 38. e5 Be4+ 39. Kd2 Bd5 40.
Bxd5 Kxd5 41. Kc2 Kc4 42. h5 h6 43. Kb1 Kxc3 44. Ka2 Kb4 45. Ka1 Kb3 46. Kb1
a2+ 47. Ka1 Ka3 0-1

[Event "LTU chess league"]
[Site "LTU"]
[Date "2009.01.11"]
[Round "5.51"]
[White "Sakalauskas, Vaidas"]
[Black "Asauskas, Henrikas"]
[Result "0-1"]
[WhiteElo "2404"]
[BlackElo "2323"]
[PlyCount "118"]
[EventDate "2008.11.08"]

1. d4 Nf6 2. c4 e6 3. Nc3 Bb4 4. Qc2 Nc6 5. Nf3 d5 6. Bg5 dxc4 7. e3 Qd5 8.
Bxf6 gxf6 9. O-O-O Bxc3 10. Qxc3 b5 11. Be2 Ba6 12. Qa3 Bb7 13. Nd2 Qd6 14. Ne4
Qxa3 15. bxa3 Nb8 16. Bf3 Ke7 17. Kc2 Nd7 18. Rb1 Rab8 19. Nd2 Bxf3 20. gxf3
Rhg8 21. Rhg1 Rxg1 22. Rxg1 Nb6 23. Ne4 Nd5 24. Nc3 Nxc3 25. Kxc3 Rb6 26. Rg8
Ra6 27. Kb2 e5 28. d5 f5 29. Rc8 Kd7 30. Rf8 Rh6 31. Rxf7+ Kd6 32. Rxf5 Rxh2
33. Kc3 Rxf2 34. a4 Rxa2 35. axb5 Kc5 36. Rxe5 Ra3+ 37. Kb2 Kb4 38. Re4 Rd3 39.
Kc2 Rxd5 40. Re7 Rh5 41. Rxc7 Rh2+ 42. Kd1 Kb3 43. Rc6 c3 44. b6 axb6 45. Rxb6+
Kc4 46. e4 h5 47. e5 Kd5 48. f4 h4 49. Rd6+ Kc5 50. Rh6 h3 51. e6 Kd6 52. f5
Rh1+ 53. Kc2 h2 54. Rh8 Ra1 55. Rd8+ Kc7 56. e7 h1=Q 57. e8=Q Qb1+ 58. Kxc3
Ra3+ 59. Kc4 Qc2+ 0-1

[Event "LTU chess league"]
[Site "LTU"]
[Date "2009.01.11"]
[Round "5.52"]
[White "Savickas, Airidas"]
[Black "Kudzma, Laimonas"]
[Result "1/2-1/2"]
[WhiteElo "2358"]
[BlackElo "2255"]
[PlyCount "93"]
[EventDate "2008.11.08"]

1. e4 c5 2. Nf3 Nf6 3. Nc3 d5 4. exd5 Nxd5 5. Bb5+ Bd7 6. Ne5 Nf6 7. Nxd7 Nbxd7
8. d4 a6 9. Be2 cxd4 10. Qxd4 e5 11. Qh4 Be7 12. Qg3 O-O 13. Bf3 Qb6 14. O-O
Kh8 15. Nd5 Nxd5 16. Bxd5 Rac8 17. Qb3 Qxb3 18. Bxb3 Bc5 19. Bd2 Bd4 20. c3 Bc5
21. Rad1 Rc7 22. Rfe1 f6 23. Kf1 h5 24. Be3 Bxe3 25. Rxe3 g6 26. Rd6 Kg7 27.
Bc2 f5 28. Red3 Rf7 29. Ke2 e4 30. R3d4 Re7 31. Bb3 Nc5 32. Rb6 Nd7 33. Rbb4
Ne5 34. Rb6 Nd7 35. Rbd6 Nc5 36. Bc4 Na4 37. Bxa6 Nxb2 38. Rb4 bxa6 39. Rxb2
Rxc3 40. Rxa6 f4 41. Rbb6 Rc2+ 42. Ke1 Kh7 43. Rxg6 e3 44. Rh6+ Kg7 45. Rhg6+
Kh7 46. Rh6+ Kg7 47. Rhg6+ 1/2-1/2

[Event "LTU chess league"]
[Site "LTU"]
[Date "2009.01.11"]
[Round "5.53"]
[White "Skrebnevskis, Romanas"]
[Black "Kalvaitis, Sigitas"]
[Result "1/2-1/2"]
[WhiteElo "2235"]
[BlackElo "2230"]
[PlyCount "104"]
[EventDate "2008.11.08"]

1. d4 Nf6 2. c4 g6 3. Nc3 d5 4. cxd5 Nxd5 5. Bd2 Bg7 6. e4 Nb6 7. Be3 O-O 8.
Be2 Nc6 9. d5 Na5 10. Bd4 Qd6 11. Nf3 e5 12. Nb5 Qe7 13. Bc3 Nac4 14. Qb3 Nd6
15. Bb4 Bg4 16. Rc1 Rfc8 17. O-O Qd7 18. Nc3 Bxf3 19. Bxf3 Nbc4 20. Nb1 b5 21.
Qc2 Bh6 22. Rcd1 c5 23. dxc6 Rxc6 24. Qe2 a5 25. Bxd6 Rxd6 26. b3 Nd2 27. Nxd2
Rxd2 28. Rxd2 Bxd2 29. Bg4 Qd4 30. Qxb5 Rd8 31. Bf3 Bb4 32. h4 Qb2 33. Bd1 h5
34. Be2 Qxa2 35. Bc4 Qb2 36. Qb7 Rf8 37. Qc6 Kg7 38. Rd1 Bd2 39. Qd5 Bc3 40. g3
Bd4 41. Rf1 Qc3 42. Kg2 Qd2 43. Qd7 Qc2 44. Bd5 Qc8 45. Qa4 Qc7 46. Qc4 Qxc4
47. Bxc4 Ra8 48. Rc1 a4 49. bxa4 Rxa4 50. Rc2 Rb4 51. Bd5 Rb2 52. Rxb2 Bxb2
1/2-1/2

[Event "LTU chess league"]
[Site "LTU"]
[Date "2009.01.11"]
[Round "5.54"]
[White "Jegorovas, Aleksandras"]
[Black "Limontaite, Simona"]
[Result "1-0"]
[WhiteElo "2303"]
[BlackElo "2197"]
[PlyCount "99"]
[EventDate "2008.11.08"]

1. d4 d5 2. Nf3 Nf6 3. c4 e6 4. Bg5 Be7 5. e3 O-O 6. Nc3 Nbd7 7. Qc2 Re8 8. Rd1
Nf8 9. a3 b6 10. Bxf6 Bxf6 11. cxd5 exd5 12. Bb5 Bd7 13. Qa4 Bxb5 14. Qxb5 c5
15. O-O Rc8 16. Qb3 cxd4 17. exd4 Re6 18. Nxd5 Rd6 19. Nxf6+ Qxf6 20. Rc1 Rcd8
21. Rc7 Ne6 22. Rxa7 Nxd4 23. Nxd4 Rxd4 24. Rb7 R4d6 25. h3 h6 26. Re1 Rc8 27.
Rbe7 Rd2 28. Re8+ Rxe8 29. Rxe8+ Kh7 30. Re2 Rd4 31. Qc2+ g6 32. Rd2 Rf4 33.
Qc7 b5 34. Qc2 Rf5 35. Qd3 Qb6 36. Qd4 Qe6 37. g3 h5 38. h4 Qc6 39. Qd7 Qf3 40.
Qd3 Qc6 41. Rc2 Qb6 42. Qe4 Qf6 43. Kg2 Qb6 44. Re2 Qf6 45. b3 Qb6 46. Re3 Qc5
47. Rf3 Rxf3 48. Qxf3 Qxa3 49. Qxf7+ Kh8 50. Qe8+ 1-0

[Event "LTU chess league"]
[Site "LTU"]
[Date "2009.02.08"]
[Round "6.11"]
[White "Kudzma, Laimonas"]
[Black "Kveinys, Aloyzas"]
[Result "0-1"]
[WhiteElo "2255"]
[BlackElo "2533"]
[PlyCount "46"]
[EventDate "2008.11.08"]

1. d4 Nf6 2. c4 e6 3. Nc3 Bb4 4. Qc2 O-O 5. a3 Bxc3+ 6. Qxc3 b6 7. Bg5 Bb7 8.
e3 d6 9. Nf3 Nbd7 10. Bd3 c5 11. Rd1 h6 12. Bf4 cxd4 13. exd4 Qe7 14. Qb4 e5
15. dxe5 Bxf3 16. gxf3 Nxe5 17. Kf1 Qe6 18. Kg2 Nxf3 19. Qxd6 Qg4+ 20. Kf1 Qh3+
21. Ke2 Rfe8+ 22. Be3 Rxe3+ 23. Kxe3 Re8+ 0-1

[Event "LTU chess league"]
[Site "LTU"]
[Date "2009.02.08"]
[Round "6.12"]
[White "Zagorskis, Darius"]
[Black "Skrebnevskis, Romanas"]
[Result "1-0"]
[WhiteElo "2509"]
[BlackElo "2235"]
[PlyCount "61"]
[EventDate "2008.11.08"]

1. d4 Nf6 2. c4 g6 3. g3 Bg7 4. Bg2 O-O 5. Nf3 d6 6. O-O Nc6 7. Nc3 Bf5 8. d5
Na5 9. Nd4 Bd7 10. b3 c5 11. dxc6 Nxc6 12. Nc2 a6 13. Bd2 Rb8 14. a4 Qb6 15.
Rb1 Rfc8 16. h3 Qd8 17. e4 Na5 18. Qe1 b5 19. axb5 axb5 20. cxb5 Ne8 21. Na3
Nb7 22. Qe3 Nc5 23. Rfc1 Nc7 24. Bf1 Be6 25. Na4 f5 26. Nxc5 dxc5 27. Bc4 Bd4
28. Qe2 fxe4 29. Bf4 Rb6 30. Qxe4 Bd5 31. Bxc7 1-0

[Event "LTU chess league"]
[Site "LTU"]
[Date "2009.02.08"]
[Round "6.13"]
[White "Ziogaite, Jovita"]
[Black "Grabliauskas, Virginijus"]
[Result "1-0"]
[WhiteElo "2093"]
[BlackElo "2427"]
[PlyCount "99"]
[EventDate "2008.11.08"]

1. e4 c5 2. Nf3 e6 3. d4 cxd4 4. Nxd4 a6 5. Nc3 Qc7 6. Be2 b5 7. O-O Bb7 8. a3
Nf6 9. Bf3 Nc6 10. g3 Ne5 11. Bg2 Bc5 12. Kh1 Qb6 13. Nf3 Neg4 14. e5 Ne4 15.
Nxe4 Bxe4 16. Qe2 Qb7 17. Ne1 Bxg2+ 18. Nxg2 h5 19. f3 Nh6 20. Bg5 Nf5 21. Rad1
Rc8 22. Rd3 d5 23. exd6 Bxd6 24. Rfd1 Be7 25. Bxe7 Qxe7 26. Nf4 h4 27. g4 Ng3+
28. hxg3 hxg3+ 29. Kg1 Rh2 30. Ng2 Qf6 31. Qd2 g5 32. c3 a5 33. Rd7 a4 34. Qd3
Qh6 35. Rd8+ Ke7 36. Qd6+ Kf6 37. Qxg3 Rxd8 38. Rxd8 Rh1+ 39. Kf2 Rb1 40. f4
Rxb2+ 41. Kf3 Kg7 42. fxg5 Qxg5 43. Rd3 Qc5 44. Nf4 Qc6+ 45. Ke3 Qc5+ 46. Kf3
Rc2 47. Nh5+ Kg6 48. Nf4+ Kg7 49. Nh5+ Kg6 50. Qe1 1-0